<?xml version="1.0" encoding="UTF-8"?>
<record
    xmlns:xsi="http://www.w3.org/2001/XMLSchema-instance"
    xsi:schemaLocation="http://www.loc.gov/MARC21/slim http://www.loc.gov/standards/marcxml/schema/MARC21slim.xsd"
    xmlns="http://www.loc.gov/MARC21/slim">

  <leader>03536cam a22003138i 4500</leader>
  <controlfield tag="001">22692662</controlfield>
  <controlfield tag="005">20250915110027.0</controlfield>
  <controlfield tag="008">220713s2023    enk      b    001 0 eng  </controlfield>
  <datafield tag="010" ind1=" " ind2=" ">
    <subfield code="a">  2022032093</subfield>
  </datafield>
  <datafield tag="020" ind1=" " ind2=" ">
    <subfield code="a">9781108841870</subfield>
    <subfield code="q">(hardback)</subfield>
  </datafield>
  <datafield tag="020" ind1=" " ind2=" ">
    <subfield code="z">9781108899956</subfield>
    <subfield code="q">(ebook)</subfield>
  </datafield>
  <datafield tag="035" ind1=" " ind2=" ">
    <subfield code="a">22692662</subfield>
  </datafield>
  <datafield tag="040" ind1=" " ind2=" ">
    <subfield code="a">DLC</subfield>
    <subfield code="b">eng</subfield>
    <subfield code="e">rda</subfield>
    <subfield code="c">DLC</subfield>
    <subfield code="d">DLC</subfield>
  </datafield>
  <datafield tag="042" ind1=" " ind2=" ">
    <subfield code="a">pcc</subfield>
  </datafield>
  <datafield tag="050" ind1="0" ind2="0">
    <subfield code="a">K3850</subfield>
    <subfield code="b">.I587 2023</subfield>
  </datafield>
  <datafield tag="245" ind1="0" ind2="0">
    <subfield code="a">Intersections between corporate and antitrust law </subfield>
    <subfield code="c">/ edited by Marco Corradi, ESSEC Business School; Julian Nowag, Lund University.</subfield>
  </datafield>
  <datafield tag="264" ind1=" " ind2="1">
    <subfield code="a">Cambridge, United Kingdom ;</subfield>
    <subfield code="a">New York, NY :</subfield>
    <subfield code="b">Cambridge University Press,</subfield>
    <subfield code="c">2023.</subfield>
  </datafield>
  <datafield tag="490" ind1="0" ind2=" ">
    <subfield code="a">Global competition law and economics policy</subfield>
  </datafield>
  <datafield tag="504" ind1=" " ind2=" ">
    <subfield code="a">Includes bibliographical references and index.</subfield>
  </datafield>
  <datafield tag="505" ind1="0" ind2=" ">
    <subfield code="a">Corporate law, antitrust, and the history of democratic control of the balance of power &#x2014; Michelle Meager (University College London) &#x2014; ESG policies at the intersection between competition and corporate law &#x2014; Marco Corradi and Julian Nowag (Lund University) &#x2014; Not for profit organisations and competition law &#x2014; Okeoghene Odudu (Cambridge University) &#x2014; The boundaries of the firm and the reach of competition law : corporate group liability and sanctioning in the EU and the US &#x2014; Carsten Koenig (University of Collogne) &#x2014; Piercing the corporate veil : the German Sausage Saga &#x2014; Mareike Walter and Martin Schunke (Hogan Lovells) &#x2014; Chaebol regulation in Korea and the relationship between competition and company law &#x2014; Myungsu Hong (Myongji University) &#x2014; Antitrust by interior means &#x2014; Ramsi Woodcock (University of Kentucky) &#x2014; Directors' duty of loyalty : and competition &#x2014; Marco Corradi (EESEC) and Julian Nowag (Lund University) &#x2014; Horizontal directors in the US Revisited &#x2014; Yaron Nili (University of Wisconsin) &#x2014; Interlocking directorates in Europe - an enforcement gap? &#x2014; Florence Thepot (University of Glasgow) &#x2014; The curious case of Italian interlocking directorates &#x2014; Federico Ghezzi and Chiara Picciau (Bocconi Business School) &#x2014; Conceptual breakthroughs on common ownership and competition : a framework for evaluating policy &#x2014; Martin Schmalz (Oxford University) &#x2014; Does common ownership explain higher oligopolistic profits? &#x2014; Edward Rock &amp; Daniel Rubinfeld (New York University) &#x2014; Common ownership by investment management corporations and EU policies : please, play puzzles and not Mikado! &#x2014; Marco Corradi (ESSEC) &#x2014; Common ownership and minority shareholding at the intersection of competition and corporate law : looking through the past to return to the future? &#x2014; Anna Tzanaki (Lund University) &#x2014; Competition law, big tech and financialisation : the dark side of the moon &#x2014; Ioannis Lianos and Andrew McLean (University College London).</subfield>
  </datafield>
  <datafield tag="520" ind1=" " ind2=" ">
    <subfield code="a">"Corporate and antitrust legislation is complex and covers a vast array of policy interests that may often be perceived as inextricable. This book opens a window to the complex interaction among these two traditionally separated but highly interconnected fields of policy making focusing on the most recent trending topics"--</subfield>
    <subfield code="c">Provided by publisher.</subfield>
  </datafield>
  <datafield tag="650" ind1=" " ind2="0">
    <subfield code="a">Antitrust law.</subfield>
    <subfield code="9">4114</subfield>
  </datafield>
  <datafield tag="650" ind1=" " ind2="0">
    <subfield code="a">Corporation law.</subfield>
    <subfield code="9">5125</subfield>
  </datafield>
  <datafield tag="700" ind1="1" ind2=" ">
    <subfield code="a">Corradi, Marco,</subfield>
    <subfield code="d">1977-</subfield>
    <subfield code="e">editor.</subfield>
  </datafield>
  <datafield tag="700" ind1="1" ind2=" ">
    <subfield code="a">Nowag, Julian,</subfield>
    <subfield code="d">1981-</subfield>
    <subfield code="e">editor.</subfield>
  </datafield>
  <datafield tag="906" ind1=" " ind2=" ">
    <subfield code="a">7</subfield>
    <subfield code="b">rip</subfield>
    <subfield code="c">orignew</subfield>
    <subfield code="d">1</subfield>
    <subfield code="e">ecip</subfield>
    <subfield code="f">20</subfield>
    <subfield code="g">y-gencatlg</subfield>
  </datafield>
  <datafield tag="942" ind1=" " ind2=" ">
    <subfield code="2">ddc</subfield>
  </datafield>
  <datafield tag="952" ind1=" " ind2=" ">
    <subfield code="0">0</subfield>
    <subfield code="1">0</subfield>
    <subfield code="2">lcc</subfield>
    <subfield code="4">0</subfield>
    <subfield code="7">0</subfield>
    <subfield code="a">TBS</subfield>
    <subfield code="b">TBS</subfield>
    <subfield code="d">2025-09-15</subfield>
    <subfield code="l">0</subfield>
    <subfield code="r">2025-09-15</subfield>
    <subfield code="u">https://directory.doabooks.org/handle/20.500.12854/143065</subfield>
    <subfield code="w">2025-09-15</subfield>
    <subfield code="y">EBOOK</subfield>
  </datafield>
  <datafield tag="999" ind1=" " ind2=" ">
    <subfield code="c">4942</subfield>
    <subfield code="d">4942</subfield>
  </datafield>
</record>
